MARC details
| 000 -LEADER |
| fixed length control field |
01394nam a22003017a 4500 |
| 003 - CONTROL NUMBER IDENTIFIER |
| control field |
OSt |
| 005 - DATE AND TIME OF LATEST TRANSACTION |
| control field |
20250329155248.0 |
| 008 - FIXED-LENGTH DATA ELEMENTS--GENERAL INFORMATION |
| fixed length control field |
240906b ||||| |||| 00| 0 eng d |
| 040 ## - CATALOGING SOURCE |
| Transcribing agency |
0 |
| 082 ## - DEWEY DECIMAL CLASSIFICATION NUMBER |
| Classification number |
DPer 621.317 Ie21 December 2022 v.37 n. 12 part 1&2. |
| 100 ## - MAIN ENTRY--PERSONAL NAME |
| Personal name |
Zhang, Zichen. |
| Relator term |
author. |
| 9 (RLIN) |
60369 |
| 245 ## - TITLE STATEMENT |
| Title |
Packaging of 10-k v double-side cooled silicon carbide diode modular with tin substarates coated by a nonlinear resistive polymer-nanoparticle composite / |
| Statement of responsibility, etc. |
Zichen Zhang, Shengchang Lu, Boyan Wang, Yuhao Zhang, Nick Yun, Woongji Sung, Khai d.t. Ngo, and Guo-Quan Lu. |
| 260 ## - PUBLICATION, DISTRIBUTION, ETC. (IMPRINT) |
| Place of publication, distribution, etc. |
New York ; |
| Name of publisher, distributor, etc. |
The Institute of Electrical and Electronics Engineers, Inc., |
| Date of publication, distribution, etc. |
December 2022. |
| 300 ## - PHYSICAL DESCRIPTION |
| Extent |
volume 37, pages 14462-14470, |
| Other physical details |
illustration. |
| 500 ## - GENERAL NOTE |
| General note |
IEEE Transactions on Power Electronics, v. 37 n. 12, pages 14462-14470, December 2022. |
| 650 #0 - SUBJECT ADDED ENTRY--TOPICAL TERM |
| Topical term or geographic name as entry element |
Module thermal management and insulation. |
| 9 (RLIN) |
66068 |
| 650 #0 - SUBJECT ADDED ENTRY--TOPICAL TERM |
| Topical term or geographic name as entry element |
Substrates. |
| 9 (RLIN) |
66069 |
| 650 #0 - SUBJECT ADDED ENTRY--TOPICAL TERM |
| Topical term or geographic name as entry element |
polymer-nanoparticle composite. |
| 9 (RLIN) |
66070 |
| 700 ## - ADDED ENTRY--PERSONAL NAME |
| Personal name |
Zhang, Zichen. |
| Relator term |
author. |
| 9 (RLIN) |
60369 |
| 700 ## - ADDED ENTRY--PERSONAL NAME |
| Personal name |
Lu, Shengchang. |
| Relator term |
author. |
| 9 (RLIN) |
60370 |
| 700 ## - ADDED ENTRY--PERSONAL NAME |
| Personal name |
Wang, Boyan. |
| Relator term |
author. |
| 9 (RLIN) |
60371 |
| 700 ## - ADDED ENTRY--PERSONAL NAME |
| Personal name |
Zhang, Yuhao. |
| Relator term |
author. |
| 9 (RLIN) |
60372 |
| 700 ## - ADDED ENTRY--PERSONAL NAME |
| Personal name |
Yun, Nick. |
| Relator term |
author. |
| 9 (RLIN) |
60373 |
| 700 ## - ADDED ENTRY--PERSONAL NAME |
| Personal name |
Sung, Woongji. |
| Relator term |
author. |
| 9 (RLIN) |
60374 |
| 700 ## - ADDED ENTRY--PERSONAL NAME |
| Personal name |
Ngo, Khai d.t. |
| Relator term |
author. |
| 9 (RLIN) |
60375 |
| 700 ## - ADDED ENTRY--PERSONAL NAME |
| Personal name |
Lu, Guo-Quan. |
| Relator term |
author. |
| 9 (RLIN) |
60376 |
| 942 ## - ADDED ENTRY ELEMENTS (KOHA) |
| Source of classification or shelving scheme |
Dewey Decimal Classification |
| Koha item type |
Periodicals |